000 00898nam a2200277 i 4500
003 DO-SdBNP
005 20260416085354.0
007 ta
008 260416b2025 pr a|||| |||| 00| 0 spa d
020 _a9789945637922
040 _aDO-SdBNP
_bspa
_cBNPHU
_erda
041 _aspa
082 4 _axxx
_bxxx
_222
100 _aCastillo, Luciano,
_eautor
_4aut.
_937355
245 1 3 _aLa épica de tu vida :
_btu camino, tu obra, tu gesta! /
_cLuciano Castillo
264 4 _aSan Juan, Puerto Rico :
_bEditorial Isla Negra,
_c©2025.
300 _a163 páginas :
_bilustraciones ;
_c22 cm.
336 _atexto
_btxt
_2rdacontent
337 _asin mediación
_bn
_2rdamedia
338 _avolumen
_bnc
_2rdacarrier
490 _aColección Academia Contemporanea
500 _aIncluye dtos biográficos del autor en las solapas
590 _aInventariado, 2026/BT
910 _aBtavárez
942 _2ddc
_cLBS1
999 _c60560
_d60560